000 00862nam a2200241 i 4500
001 161369
003 ES-MaACL
005 20250303062545.0
008 971003q1899 sp |||| | spa d
080 _a821.134.2-31"18"
100 1 _aPardo Bazán, Emilia,
_cCondesa de,
_d1851-1921
_9176434
245 1 3 _aUna cristiana
_b; La prueba /
_cEmilia Pardo Bazán.
260 _aMadrid :
_b[s.n.,
_c1899?] (
_fEstab. Tip. de Idamor Moreno)
300 _a392 p. ;
_c20 cm.
490 1 _aObras completas de Emilia Pardo Bazán ;
_v22
530 _aDisponible en formato digital.
740 3 2 _aLa prueba.
830 0 _aObras completas de Emilia Pardo Bazán ;
_v22
_9176456
852 _aES-MaACL
_jB-4101
_z- Enc. hol.
856 _uhttp://bdh-rd.bne.es/viewer.vm?id=0000239880&page=1
_zBiblioteca Digital Hispánica
942 _2udc
999 _c161369
_d161369